000 00913nam a22002057a 4500
999 _c59879
_d59879
003 Ge_BSU
005 20230504150440.0
008 230504s1982 ge ||||| |||| 00| 0 geo d
041 _ageo
080 _a7.01(479.22) ს-53
100 _aსირაძე, რევაზ
_95771
245 _aსახისმეტყველება :
_bსაუბარი ქართულ ესთეტიკაზე /
_cრევაზ სირაძე; რედ. ნ. ქართველიშვილი.
250 _aპირველი გამოცემა
264 _aთბილისი :
_bნაკადული,
_c1982.
300 _a237 გვ. ;
_b20 სმ.
653 _aსერაფიტა
653 _aქართული ესთეტიკა
700 _aქართველიშვილი, ნ.
_eრედაქტორი
_97659
942 _2udc
_cBK